000
00326nam a22001457a 4500
008
221010b ||||| |||| 00| 0 eng d
020
_a
0793513170
041
_a
eng
080
_a
781
082
_a
781 ROD
100
_a
20.1
101
_a
MUZIK
245
_a
THE SOUND OF MUSIC
_c
RODGERS AND HAMMERSTEIN
942
_2
udc
_c
BK
999
_c
58423
_d
58423